| 000 | 00557nam a22001931 4500 | ||
|---|---|---|---|
| 001 | 3585596 | ||
| 005 | 20180115070202.0 | ||
| 008 | 850430s1963 mnua 000 0 eng | ||
| 010 | _a 63008920 | ||
| 040 |
_aDLC/ICU _cICU _dDLC |
||
| 041 | _aeng | ||
| 080 | _a581.19 TRE | ||
| 082 | 0 | 0 | _a581.19 TRE |
| 100 | 1 | _a9 | |
| 101 | _aMJE | ||
| 245 | 1 | 4 |
_aThe organic constituents of higher plants: _cWith contributions by Ernest Sondheimer. |
| 906 |
_a7 _bcbc _corignew _du _eocip _f19 _gy-gencatlg |
||
| 942 |
_2ddc _cBK |
||
| 999 |
_c40258 _d40258 |
||